| 000 | 00000nam 2200000za 4500 |
| 001 | 9.836592 |
| 003 | CaOODSP |
| 005 | 20221107150930 |
| 007 | cr ||||||||||| |
| 008 | 170511s2004 onc #o f000 0 fre d |
| 040 | |aCaOODSP|bfre |
| 043 | |an-cn-nu |
| 086 | 1 |aR62-481/2004F-PDF |
| 245 | 00|aVérification des principaux processus financiers à l'Unité de gestion du Nunavut |h[ressource électronique] : |brapport final / |crédigé par Paragon Review and Consulting Inc. |
| 246 | 17|aVérification des principaux processus financiers : |bUnité de gestion du Nunavut |
| 246 | 10|aUnité de gestion du Nunavut |
| 260 | |a[Ottawa?] : |bAgence Parcs Canada, Groupe du rendement, de la vérification et de l'examen, |c2004. |
| 300 | |aiv, 20 p. |
| 500 | |a« Août 2004. » |
| 500 | |aTitre pris sur la couv. |
| 500 | |aPublié aussi en anglais sous le titre: Audit of key financial processes at the Nunavut Field Unit : final report. |
| 520 | |a« L’Agence Parcs Canada (APC) procède à l’heure actuelle à une série de vérifications cycliques des principales pratiques financières et administratives et pratiques de gestion ayant cours dans les unités de gestion, les centres de services et le Bureau national. Les vérifications sont axées sur le respect des politiques et des pratiques du Secrétariat du Conseil du Trésor (SCT) et de l’APC. La vérification de l’unité de gestion du Nunavut (UGN) a été réalisée dans le cadre de ce programme de vérifications cycliques. » -- Résumé. |
| 692 | 07|2gccst|aVérification |
| 692 | 07|2gccst|aParc national |
| 710 | 1 |aCanada.|bParcs Canada. |bGroupe du rendement, de la vérification et de l'examen. |
| 710 | 2 |aParagon Review and Consulting Inc. |
| 775 | 08|tAudit of key financial processes at the Nunavut Field Unit |w(CaOODSP)9.836589 |
| 856 | 40|qPDF|s88 Ko|uhttps://publications.gc.ca/collections/collection_2017/pc/R62-481-2004-fra.pdf |